Pays le plus souvent alliés avec la France - Statistiques

Statistiques générales
  • Ce quiz a été pris 1 684 fois
  • Le résultat moyen est 8 sur 10
Statistiques - réponses
Nombre de guerres du côté de la France Pays % Correct
20 Royaume-Uni
98%
18 Espagne
97%
12 Italie
95%
13 Allemagne
94%
6 Russie
91%
10 Belgique
87%
16 Pays-Bas
79%
12 Etats-Unis
69%
11 Turquie
51%
7 Danemark
49%
Aucun quiz correspondant
Distribution des résultats
% des personnes avec chaque résultat
Percentile par nombre de réponses
Votre historique - résultats
Vous n’avez pas pris ce quiz